Биология и экология (Запись № 13687498)

Подробности
000 -МАРКЕР
контрольное поле 02204nam0a2200397 4500
001 - ИДЕНТИФИКАТОР ЗАПИСИ
контрольное поле RU\NLR\BIBL_A\022695599
005 - ИДЕНТИФИКАТОР ВЕРСИИ
контрольное поле 20260420061930.0
010 ## - МЕЖДУНАРОДНЫЙ СТАНДАРТНЫЙ НОМЕР КНИГИ (ISBN)
Номер (ISBN) 978-5-4491-2820-1
Тираж 100
021 ## - НОМЕР ГОСУДАРСТВЕННОЙ РЕГИСТРАЦИИ
Код страны Российская Федерация
Номер КН-П-25-069881
Номер Листа государственной регистраци КН-П-25-6764
035 ## - ДРУГИЕ СИСТЕМНЫЕ НОМЕРА
Идентификатор записи (NLR Aleph) 022695599
100 ## - ДАННЫЕ ОБЩЕЙ ОБРАБОТКИ
Данные общей обработки 20251225d2025 u y0rusy50 ca
101 0# - ЯЗЫК РЕСУРСА
Язык текста, звукозаписи и т.д. русский
102 ## - СТРАНА ПУБЛИКАЦИИ ИЛИ ПРОИЗВОДСТВА
Страна публикации Российская Федерация
105 ## - ПОЛЕ КОДИРОВАННЫХ ДАННЫХ: ТЕКСТОВЫЕ МАТЕРИАЛЫ, МОНОГРАФИЧЕСКИЕ
Кодированные данные о монографическом текстовом документе a j 000yy
181 #0 - ПОЛЕ КОДИРОВАННЫХ ДАННЫХ: ВИД СОДЕРЖАНИЯ
Код вида содержания (ISBD) i3
Код характеристики содержания (ISBD) axxe
182 #0 - ПОЛЕ КОДИРОВАННЫХ ДАННЫХ: ТИП СРЕДСТВА
Код типа средства (ISBD) n - непосредственное
200 1# - ЗАГЛАВИЕ И СВЕДЕНИЯ ОБ ОТВЕТСТВЕННОСТИ
Основное заглавие Биология и экология
Сведения, относящиеся к заглавию цифровая лаборатория
-- методическое пособие
Первые сведения об ответственности И. А. Смирнов, А. В. Цветков, А. В. Иванов
203 ## - ВИД СОДЕРЖАНИЯ И ТИП СРЕДСТВА
Вид содержания Текст
Дополнительные сведения об издании визуальный
Тип средства непосредственный
210 ## - ПУБЛИКАЦИЯ, РАСПРОСТРАНЕНИЕ И ДР.
Место издания, распространения и т.д. Москва
Имя издателя, распространителя и т. д. ДéЛибри
-- Научные развлечения
Дата издания, распространения и т.д. 2025
215 ## - ФИЗИЧЕСКАЯ ХАРАКТЕРИСТИКА
Специфическое обозначение материала и объем 167 с.
Другие сведения о физической характеристике ил., цв. ил.
Размеры 29
225 1# - СЕРИЯ
Основное заглавие серии Научные развлечения
606 1# - НАИМЕНОВАНИЕ ТЕМЫ КАК ПРЕДМЕТ
Наименование темы Экология
Формальный подзаголовок Методические пособия
Тематический подзаголовок Практические занятия
-- Средняя школа
Системный номер авторитетной/нормативной записи 2265049
Идентификатор авторитетной/нормативной записи RU\NLR\AUTH\661357867
606 1# - НАИМЕНОВАНИЕ ТЕМЫ КАК ПРЕДМЕТ
Наименование темы Биология
Формальный подзаголовок Методические пособия
Тематический подзаголовок Практические занятия
-- Средняя школа
Системный номер авторитетной/нормативной записи 1140631
Идентификатор авторитетной/нормативной записи RU\NLR\AUTH\66135497
606 1# - НАИМЕНОВАНИЕ ТЕМЫ КАК ПРЕДМЕТ
Наименование темы Биология
Формальный подзаголовок Методические пособия
Тематический подзаголовок Цифровые технологии
Системный номер авторитетной/нормативной записи 2704204
Идентификатор авторитетной/нормативной записи RU\NLR\AUTH\6601768765
606 1# - НАИМЕНОВАНИЕ ТЕМЫ КАК ПРЕДМЕТ
Наименование темы Экология
Формальный подзаголовок Методические пособия
Тематический подзаголовок Цифровые технологии
Системный номер авторитетной/нормативной записи 2704226
Идентификатор авторитетной/нормативной записи RU\NLR\AUTH\6601768787
686 1# - ИНДЕКСЫ ДРУГИХ КЛАССИФИКАЦИЙ
Индекс Е.с51я7
686 1# - ИНДЕКСЫ ДРУГИХ КЛАССИФИКАЦИЙ
Индекс Е081с51я7
686 1# - ИНДЕКСЫ ДРУГИХ КЛАССИФИКАЦИЙ
Индекс Ч426.45-254я8
700 #1 - ИМЯ ЛИЦА - ПЕРВИЧНАЯ ОТВЕТСТВЕННОСТЬ
Графика поля Кириллица
Материалы, к которым относится поле rus
Начальный элемент ввода Смирнов
Часть имени, кроме начального элемента ввода И. А.
Дополнения к именам, кроме дат канд. биол. наук, педагог
Даты 1984-
Расширение инициалов личного имени Иван Алексеевич
Системный номер авторитетной/нормативной записи 86624
Идентификатор авторитетной/нормативной записи RU\NLR\AUTH\77103699
701 #1 - ИМЯ ЛИЦА - АЛЬТЕРНАТИВНАЯ ОТВЕТСТВЕННОСТЬ
Графика поля Кириллица
Материалы, к которым относится поле rus
Начальный элемент ввода Цветков
Часть имени, кроме начального элемента ввода А.В.
Дополнения к именам, кроме дат канд. биол. наук
Расширение инициалов личного имени Александр Владимирович
Системный номер авторитетной/нормативной записи 15656
Идентификатор авторитетной/нормативной записи RU\NLR\AUTH\7732648
701 #1 - ИМЯ ЛИЦА - АЛЬТЕРНАТИВНАЯ ОТВЕТСТВЕННОСТЬ
Графика поля Кириллица
Материалы, к которым относится поле rus
Начальный элемент ввода Иванов
Часть имени, кроме начального элемента ввода А. В.
Дополнения к именам, кроме дат д-р хим. наук
Даты 1968-
Расширение инициалов личного имени Александр Вадимович
Системный номер авторитетной/нормативной записи 46141
Идентификатор авторитетной/нормативной записи RU\NLR\AUTH\7763211
942 ## - ДОПОЛНИТЕЛЬНЫЕ ЭЛЕМЕНТЫ ЗАПИСИ (АБИС)
Тип экземпляра АБИС Книга
980 ## - КОЛЛЕКЦИЯ
Название коллекции Национальная библиография

Нет доступных экземпляров.